History Quiz

Random History Quiz

Roman place names Quiz Stats

 Plays Quiz not verified by Sporcle

Challenge
Share
Tweet
Embed
Score 0/10 Timer 02:00
0 Plays Today
Roman name Present name % Correct
NeapolisNaples
83.9%
Lutetia ParisiorumParis
80.2%
BarcinoBarcelona
53.6%
Aquae SulisBath
46.4%
EboracumYork
38.5%
TaurinumTurin
33.3%
CantabriaCambridge
21.9%
MamuciumManchester
17.7%
TingiTangiers
14.1%
VectisIsle of Wight
12%

You're not logged in!

Compare scores with friends on all Sporcle quizzes.
OR
Log In

You Might Also Like...

Show Comments

Extras

Created Oct 29, 2009SourceReportNominate
Tags:place, present, roman

Top Quizzes Today


Score Distribution

Your Account Isn't Verified!

In order to create a playlist on Sporcle, you need to verify the email address you used during registration. Go to your Sporcle Settings to finish the process.

Report this User

Report this user for behavior that violates our Community Guidelines.

Details: